000 00473nam a2200169 4500
003 SEACOMEC
005 20250113133600.0
008 240220b |||||||| |||| 00| 0 eng d
020 _cRs.595.00
_a8173713960
040 _aSEACOMEC
082 _a621.3191
_bR165
100 _aRamamurthy,G.
245 1 _aHandbook of electrical power distribution/
_cG.Ramamurthy
260 _aHyderabad
_bUniversities press
_c2005
650 _aLanguage,Standard English usage
942 _cBOOK
999 _c664
_d664